00583 2200217 4500001002100000005001500021035002000036007000300056008004100059020001800100082000800118084001400126100001600140245009700156250000900253260003100262300001700293600001300310990002100323990002100344INLIS00000000000030420220511092523 a0010-0522000004ta220511 0 ind  a9786024526986 a150 a150 MAR s0 aMark Manson1 aSebuah seni untuk bersikap bodo amat :bpendekatan yang waras demi menjalani hidup yang baik aVIII aJakarta :bGramedia,c2018 a246 ;c25 cm 4amotivasi a323/SMPN7/SBY/18 a324/SMPN7/SBY/18